| 000 | 00890nam a22002537a 4500 | ||
|---|---|---|---|
| 999 |
_c1360 _d1360 |
||
| 003 | AR-CdUCM | ||
| 008 | 190226b ||||| |||| 00| 0 spa d | ||
| 040 |
_aMUNICIPALIDAD PROVINCIAL DEL CUSCO _cBIBLIOTECA MUNICIPAL DEL CUSCO |
||
| 041 | _heng | ||
| 082 |
_a820 / _bC73 |
||
| 100 |
_aCohen, J.M. _95203 |
||
| 245 | _aPoesía de nuestro tiempo / | ||
| 260 |
_aMéxico, D.F : _bFondo de Cultura Económica, _c1963. |
||
| 300 |
_a367 páginas ; _c17 cm. |
||
| 505 | _aLe frisson nouveau -- Diferentes formas de fracaso -- George, Rilke, Valéry -- Hacia las remotas Hespérides -- Visión del Apocalipsis... | ||
| 650 |
_aPoesía Inglesa _91071 |
||
| 650 |
_aPoesía Francesa _95204 |
||
| 650 |
_aPoesía Alemana _95205 |
||
| 650 |
_aPoetas _91966 |
||
| 650 |
_aLiteratura _983 |
||
| 700 |
_atraducción de Augusto Monterroso _95206 |
||
| 942 |
_2ddc _cLIBROS |
||
| 945 |
_admma _d2019-02-26 |
||